| 000 | 00779nam a22002177a 4500 | ||
|---|---|---|---|
| 999 |
_c17224 _d17224 |
||
| 003 | AR-CdUCM | ||
| 008 | 190321b ||||| |||| 00| 0 spa d | ||
| 040 |
_aMUNICIPALIDAD PROVINCIAL DEL CUSCO _cBIBLIOTECA MUNICIPAL DEL CUSCO |
||
| 041 | _heng. | ||
| 082 |
_a523.11 / _bM26 |
||
| 100 |
_aMarshack, Alexander _921750 |
||
| 245 | _aEl mundo en el espacio / | ||
| 260 |
_aBuenos Aires : _bPlaza y Janes, _c1964. |
||
| 300 |
_a281 páginas ; _bIlustraciones, _c20 cm. |
||
| 500 | _aTitulo original: The world in space. | ||
| 505 | _aEl año de la tierra -- El principio -- Los mares de agua -- Hielo -- El océano del aire -- El mar de magnetismo ... | ||
| 650 |
_aGeofísica _919201 |
||
| 700 |
_aMarino, Mario A. _921752 |
||
| 942 |
_2ddc _cLIBROS |
||
| 945 |
_arjall _d2019-05-07 |
||